Trouvez le nom de l'actrice - Série 02 - Statistiques

Statistiques générales
  • Ce quiz a été pris 75 fois
  • Le résultat moyen est 6 sur 10
Statistiques - réponses
Films Actrice % Correct
La môme - Jeux d'enfants - Une grande année Marion Cotillard
94%
Le fabuleux destin d'Amélie Poulain - Da Vinci Code - Coco avant Chanel Audrey Tautou
90%
La vérité - Babette s'en va-t-en guerre - Et Dieu créa la femme Brigitte Bardot
84%
Noce blanche - La fille sur le pont - L'arnacoeur Vanessa Paradis
79%
Le patient anglais - Le chocolat - Copie conforme Juliette Binoche
74%
Les granges brûlées - L'armée des ombres - La vie devant soi Simone Signoret
54%
La balance - Le retour de Martin Guerre - La nuit américaine Nathalie Baye
53%
Vipère au poing - La folie des grandeurs - L'affaire Marie Besnard Alice Sapritch
49%
Le chat et la souris - Les grandes manoeuvres - Aux yeux du souvenir Michèle Morgan
23%
Les grandes gueules - La grande vadrouille - La menace Marie Dubois
17%
Aucun quiz correspondant
Distribution des résultats
% des personnes avec chaque résultat
Percentile par nombre de réponses
Votre historique - résultats
Vous n’avez pas pris ce quiz